Miasta w województwie małopolskim - nagła śmierć - Statystyki

Ogólne statystyki
  • Ten quiz został rozwiązany 1 557 razy
    1 553 od ostatniego zresetowania
  • Średni wynik to 11 z 20
Answers on the Grid
Answers color-coded by a green-red scale on the quiz's grid according to % correct below.
Kraków
Siedlce
Chrzanów
Frombork
Tarnów
Sanok
Starachowice
Katowice
Nowy Targ
Skarżysko-Kamienna
Hrubieszów
Olkusz
Sandomierz
Wieliczka
Opatowiec
Rabka-Zdrój
Końskie
Zakopane
Ciechocinek
Ćmielów
Żywiec
Chełm
Oświęcim
Tarnobrzeg
Szczyrk
Stary Sącz
Rzeszów
Ostróda
Grybów
Zabrze
Puławy
Kazimierz
Dolny
Niepołomice
Tarnowskie
Góry
Bochnia
Gorlice
Ostrołęka
Zator
Jarosław
Limanowa
Gliwice
Koszyce
Płock
Myszków
Wadowice
Mielec
Andrychów
Gryfino
Kalisz
Nowy Sącz
 
Statystyki odpowiedzi
Odpowiedź % Poprawnych
Kraków
98%
Tarnów
79%
Nowy Targ
77%
Wieliczka
69%
Zakopane
66%
Chrzanów
57%
Oświęcim
56%
Nowy Sącz
55%
Stary Sącz
53%
Bochnia
52%
Wadowice
52%
Rabka-Zdrój
51%
Olkusz
50%
Limanowa
49%
Niepołomice
48%
Zator
45%
Gorlice
40%
Andrychów
38%
Grybów
30%
Koszyce
23%
Nie znaleziono quizów pasujących do podanych kryteriów
Rozkład punktacji
Procent ludzi z każdym wynikiem
Percentyl według liczby udzielonych odpowiedzi
Twoja historia wyników
Nie rozwiązałeś tego quizu od ostatniego zresetowania